|
|
|
|
| LEADER |
01152nab a2200337 i 4500 |
| 001 |
publ24577 |
| 005 |
20220622154412.0 |
| 008 |
220622s2021 hu o 0|| Angol d |
| 022 |
|
|
|a 1932-6203
|
| 024 |
7 |
|
|a 10.1371/journal.pone.0258502
|2 doi
|
| 024 |
7 |
|
|a 32474238
|2 mtmt
|
| 040 |
|
|
|a SZTE Publicatio Repozitórium
|b hun
|
| 041 |
|
|
|a Angol
|
| 100 |
1 |
|
|a Pajtók Csenge
|
| 245 |
1 |
0 |
|a High salt diet impairs dermal tissue remodeling in a mouse model of IMQ induced dermatitis
|h [elektronikus dokumentum] /
|c Pajtók Csenge
|
| 260 |
|
|
|c 2021
|
| 300 |
|
|
|a Terjedelem: 16-Azonosító: e0258502
|
| 490 |
0 |
|
|a PLOS ONE
|v 16 No. 11
|
| 650 |
|
4 |
|a Klinikai orvostan
|
| 700 |
0 |
2 |
|a Veres-Székely Apor
|e aut
|
| 700 |
0 |
2 |
|a Agócs Róbert István
|e aut
|
| 700 |
0 |
2 |
|a Szebeni Beáta
|e aut
|
| 700 |
0 |
2 |
|a Dobosy Péter
|e aut
|
| 700 |
0 |
2 |
|a Németh István Balázs
|e aut
|
| 700 |
0 |
2 |
|a Veréb Zoltán
|e aut
|
| 700 |
0 |
2 |
|a Kemény Lajos
|e aut
|
| 700 |
0 |
2 |
|a Szabó Attila
|e aut
|
| 700 |
0 |
2 |
|a Vannay Ádám
|e aut
|
| 700 |
0 |
2 |
|a Tulassay Tivadar
|e aut
|
| 700 |
0 |
2 |
|a Pap Domonkos
|e aut
|
| 856 |
4 |
0 |
|u http://publicatio.bibl.u-szeged.hu/24577/1/pone.0258502.pdf
|z Dokumentum-elérés
|